[Event "IHEM 2006"]
[Site "Hamburg"]
[Date "2006.06.10"]
[Round "8.5"]
[White "Löffler, Stefan"]
[Black "Siebrecht, Sebastian"]
[Result "1-0"]
[WhiteElo "2437"]
[BlackElo "2394"]
[PlyCount "89"]
[EventDate "2006.??.??"]

1. Nf3 Nf6 2. c4 g6 3. Nc3 Bg7 4. e4 d6 5. d4 O-O 6. Be2 e5 7. Bg5 Qe8 8. d5 a5
9. Nd2 Na6 10. a3 Bd7 11. b3 c6 12. Rb1 Qb8 13. Na4 b5 14. dxc6 bxa4 15. cxd7
axb3 16. Bxf6 Bxf6 17. Nxb3 Qc7 18. c5 Nxc5 {(=)} 19. Nxc5 Qxc5 20. a4 Qc6 21.
O-O Qxd7 22. Bc4 Kg7 23. Rb6 Rfd8 24. Qd5 Rac8 25. Rb7 Rc7 26. Rfb1 Rdc8 27. g3
Qxa4 28. Bf1 Qc6 29. Qxc6 Rxc6 30. Ra7 Bd8 31. Rd7 Bb6 32. Rb3 Bd4 33. Rf3 Rf8
34. Bh3 Kg8 35. Kg2 a4 36. Rfxf7 Rxf7 37. Be6 a3 38. Rxf7 Kh8 39. g4 g5 40. h4
gxh4 41. g5 h3+ 42. Kh2 Rc8 43. Bxc8 a2 44. Be6 a1=Q 45. Rf8+ 1-0

[Event "IHEM 2006"]
[Site "Hamburg"]
[Date "2006.06.10"]
[Round "8.9"]
[White "Zierke, Oliver"]
[Black "Bodnar, Alexander"]
[Result "1-0"]
[WhiteElo "2294"]
[BlackElo "2398"]
[PlyCount "39"]
[EventDate "2006.??.??"]

1. d4 Nf6 2. Nf3 e6 3. Bg5 c5 4. e3 Qb6 5. Nbd2 Qxb2 6. Bd3 cxd4 7. exd4 d5 8.
Bxf6 gxf6 9. O-O Nc6 10. c4 Qc3 11. cxd5 Qxd3 12. dxc6 bxc6 13. Rb1 Be7 14. Re1
Bd7 15. Qc1 {(=)} Rg8 16. Rb3 Qf5 17. Ne4 Rg4 18. Qb1 Rd8 19. Nd6+ Bxd6 20.
Qxf5 1-0

[Event "IHEM 2006"]
[Site "Hamburg"]
[Date "2006.06.10"]
[Round "8.10"]
[White "Jacoby, Gisbert"]
[Black "Bach, Matthias"]
[Result "1/2-1/2"]
[WhiteElo "2225"]
[BlackElo "2315"]
[PlyCount "82"]
[EventDate "2006.??.??"]

1. e4 Nf6 2. Nc3 d6 3. d4 g6 4. f4 Bg7 5. Nf3 c5 6. Bb5+ Bd7 7. e5 Ng4 8. e6
Bxb5 9. exf7+ Kf8 10. Nxb5 Qa5+ 11. Nc3 Nc6 12. d5 Nd4 13. Ng5 h6 14. Ne6+ Nxe6
15. dxe6 Bxc3+ 16. bxc3 Qxc3+ 17. Bd2 Qd4 18. Qxg4 Qxa1+ 19. Kf2 Qd4+ 20. Ke2
Qe4+ 21. Kd1 Qf5 22. Qxf5 gxf5 23. Bc3 Rh7 24. g4 fxg4 25. h3 gxh3 26. Rxh3 Rc8
27. Ke2 Rc6 28. Rg3 Rxf7 29. exf7 Kxf7 30. Rg7+ Ke6 31. f5+ Kxf5 32. Rxe7 Ra6
33. Rxb7 {(=)} Rxa2 34. Kd3 h5 35. Rd7 Ra6 36. Kc4 h4 37. Kd5 Ra2 38. Rf7+ Kg4
39. Kxd6 Rxc2 40. Be5 c4 41. Rxa7 c3 1/2-1/2

[Event "IHEM 2006"]
[Site "Hamburg"]
[Date "2006.06.10"]
[Round "8.11"]
[White "Schulz, Hans-Juergen"]
[Black "Chevelevitch, Evgueni"]
[Result "1/2-1/2"]
[WhiteElo "2040"]
[BlackElo "2423"]
[PlyCount "21"]
[EventDate "2006.??.??"]

1. e4 e5 2. d4 exd4 3. c3 d5 4. exd5 Qxd5 5. cxd4 Nc6 6. Nf3 Bg4 7. Be2 Bb4+ 8.
Nc3 Bxf3 9. Bxf3 Qc4 10. Bxc6+ bxc6 11. Qe2+ {(=)} 1/2-1/2

[Event "IHEM 2006"]
[Site "Hamburg"]
[Date "2006.06.10"]
[Round "8.12"]
[White "Lindinger, Markus"]
[Black "Ewaldt, Michael"]
[Result "1-0"]
[WhiteElo "2322"]
[BlackElo "2104"]
[PlyCount "75"]
[EventDate "2006.??.??"]

1. d4 d5 2. c4 c6 3. Nf3 Nf6 4. Nc3 a6 5. a4 e6 6. g3 Bb4 7. Bg2 O-O 8. O-O
Nbd7 9. Bf4 Re8 10. Nd2 e5 11. dxe5 Nxe5 12. cxd5 cxd5 13. Qb3 Qa5 14. Bxe5
Rxe5 15. e4 Be6 16. exd5 Nxd5 17. Nxd5 Bxd2 18. Ne7+ Kf8 19. Qxb7 Rc5 20. Qxa8+
Kxe7 21. Rfd1 Rc2 22. Qa7+ Kf6 23. Qd4+ Ke7 24. Be4 Rc4 25. Qxd2 Qxd2 26. Rxd2
Rxe4 27. f3 Rb4 28. Ra3 a5 29. Kf2 Bb3 30. Ke3 Bxa4 31. Rd4 Rb3+ 32. Rxb3 Bxb3
33. Kd2 h5 34. Kc3 a4 35. Kb4 g6 36. Kb5 Ke6 37. Rxa4 Bxa4+ 38. Kxa4 1-0

[Event "IHEM 2006"]
[Site "Hamburg"]
[Date "2006.06.10"]
[Round "8.13"]
[White "Albers, Andreas"]
[Black "Engelbert, Christoph"]
[Result "0-1"]
[WhiteElo "1995"]
[BlackElo "2227"]
[PlyCount "110"]
[EventDate "2006.??.??"]

1. d4 g6 2. e4 Bg7 3. Nc3 d6 4. f4 a6 5. Be3 b5 6. Be2 Bb7 7. Bf3 e6 8. Qd2 Ne7
9. a3 Nd7 10. Nge2 f5 11. O-O Qc8 12. exf5 Nxf5 13. Ne4 O-O 14. Bf2 d5 15. Ng5
Nf6 16. Nc1 h6 17. Nh3 Nd6 18. Nd3 Nfe4 19. Qe2 a5 20. Ne5 Kh7 21. Bxe4 dxe4
22. Qg4 Qe8 23. Rfe1 Bd5 24. Rac1 a4 25. Qe2 Nc4 26. Nxc4 bxc4 27. Qe3 Rb8 28.
Qc3 Qe7 29. Be3 Rb5 30. Nf2 Rfb8 31. Rb1 c5 32. Ng4 Qb7 33. Ne5 Rxb2 34. Rbd1
Ra2 35. dxc5 Qb2 36. Qa5 Qb5 37. Qc3 Qb2 38. Qa5 Bxe5 39. fxe5 Qb7 40. Bc1 Rxc2
41. Qxa4 Rc3 42. Qa5 Rd3 43. Rd2 Ra8 44. Qb4 Qa7 45. Rxd3 exd3 46. Rf1 Rb8 47.
Qd2 Qxc5+ 48. Kh1 g5 49. Rf6 Rb1 50. Rf1 Qd4 51. Qe1 Qe4 52. Rf7+ Kg6 53. Rf6+
Kg7 54. Qf1 Qxg2+ 55. Qxg2 Rxc1+ 0-1

[Event "IHEM 2006"]
[Site "Hamburg"]
[Date "2006.06.10"]
[Round "8.14"]
[White "Putzbach, Gerd"]
[Black "Weiss, Siegfried"]
[Result "1-0"]
[WhiteElo "2257"]
[BlackElo "2126"]
[PlyCount "103"]
[EventDate "2006.??.??"]

1. e4 c5 2. Nf3 e6 3. d4 cxd4 4. Nxd4 Nf6 5. Nc3 d6 6. Be3 a6 7. Qd2 Be7 8. Be2
O-O 9. f4 Qc7 10. g4 b5 11. g5 b4 12. Ncb5 axb5 13. Nxb5 Qa5 14. gxf6 Bxf6 15.
Nd4 Bb7 16. Bf3 Nd7 17. O-O e5 18. Nb3 Qc7 19. Qxb4 exf4 20. Bxf4 Ne5 21. Nd4
Ba6 22. Rf2 Rfb8 23. Qc3 Qb6 24. Bxe5 Bxe5 25. Rd1 Rc8 26. Qd2 Qxb2 27. Nf5 Re8
28. Bh5 Bc4 29. Nxd6 Bxd6 30. Qxd6 Qxa2 31. Qd4 Be6 32. Rg2 g6 33. Qf6 Qa7+ 34.
Kh1 Qe7 35. Qf4 Ra4 36. Rdg1 Kg7 37. Qe5+ Qf6 38. Qb5 Rea8 39. Rf1 Qxf1+ 40.
Qxf1 Ra1 41. Bd1 Rd8 42. Rg1 Rdxd1 43. Qxd1 Rxd1 44. Rxd1 Kf6 45. Kg2 Ke5 46.
Kf3 g5 47. Ke3 h5 48. Ra1 h4 49. Ra5+ Kf6 50. Rc5 g4 51. Rh5 h3 52. Kf4 1-0

[Event "IHEM 2006"]
[Site "Hamburg"]
[Date "2006.06.10"]
[Round "9.3"]
[White "Saltaev, Mihail"]
[Black "Löffler, Stefan"]
[Result "1-0"]
[WhiteElo "2500"]
[BlackElo "2437"]
[PlyCount "85"]
[EventDate "2006.??.??"]

1. e4 Nf6 2. e5 Nd5 3. d4 d6 4. c4 Nb6 5. exd6 cxd6 6. Nc3 e5 7. Nf3 Bg4 8.
dxe5 Nc6 9. h3 Bxf3 10. Qxf3 dxe5 11. Be3 Bb4 12. Rd1 Qe7 13. Bxb6 axb6 14. a3
Nd4 15. Qd3 Bxc3+ 16. Qxc3 O-O 17. Bd3 Rad8 18. O-O e4 19. Rfe1 Nf3+ 20. gxf3
Qg5+ 21. Kh2 Qf4+ 22. Kg1 exd3 23. Rxd3 h6 24. Re4 Qf5 25. Kg2 Qg6+ 26. Kh2 Kh7
27. Rd5 Rxd5 28. cxd5 Rd8 29. Qe5 f6 30. Qe7 Rxd5 31. Rg4 Rg5 32. Qxb7 f5 33.
Rxg5 hxg5 34. Qd5 Qf6 35. b4 g6 36. Kg2 Kh6 37. a4 Qc3 38. Qd6 Qb3 39. Qf8+ Kh7
40. Qe7+ Kh6 41. h4 Qxa4 42. hxg5+ Kh5 43. Kg3 1-0

[Event "IHEM 2006"]
[Site "Hamburg"]
[Date "2006.06.10"]
[Round "9.4"]
[White "Kopylov, Michael"]
[Black "Berelovich, Aleksandar"]
[Result "1/2-1/2"]
[WhiteElo "2463"]
[BlackElo "2571"]
[PlyCount "59"]
[EventDate "2006.??.??"]

1. Nf3 Nf6 2. c4 c5 3. Nc3 Nc6 4. g3 d5 5. d4 cxd4 6. Nxd4 dxc4 7. Nxc6 Qxd1+
8. Nxd1 bxc6 9. Bg2 Nd5 10. Ne3 e6 11. Nxc4 Ba6 12. Na5 Rc8 13. Bd2 Be7 14. Rc1
c5 15. b3 O-O 16. O-O Rfd8 17. Bf3 Kf8 18. Rfd1 Bf6 19. e4 Nb4 20. Rxc5 Rxc5
21. Bxb4 Rxd1+ 22. Bxd1 Be7 23. Bxc5 Bxc5 24. Bc2 e5 25. a4 f6 26. Nc6 Bb7 27.
Na5 Ba6 28. Nc6 Bb7 29. Na5 Ba6 30. Nc6 1/2-1/2

[Event "IHEM 2006"]
[Site "Hamburg"]
[Date "2006.06.10"]
[Round "9.5"]
[White "Kekelidze, Mikheil"]
[Black "Zierke, Oliver"]
[Result "1-0"]
[WhiteElo "2528"]
[BlackElo "2294"]
[PlyCount "69"]
[EventDate "2006.??.??"]

1. d4 d5 2. c4 e6 3. Nc3 c5 4. e3 Nf6 5. Nf3 Nc6 6. a3 a6 7. dxc5 Bxc5 8. b4
Ba7 9. Bb2 O-O 10. Qc2 dxc4 11. Bxc4 b5 12. Bd3 Bb7 13. Ne4 Nxe4 14. Bxe4 g6
15. Bxc6 Rc8 16. Ne5 Qd6 17. Rd1 Rxc6 18. Nxc6 Qxc6 19. Qxc6 Bxc6 20. O-O Bd5
21. Bd4 Bxd4 22. Rxd4 a5 23. e4 Bc4 24. Rfd1 axb4 25. axb4 e5 26. Rd8 Rxd8 27.
Rxd8+ Kg7 28. Rd6 Kf8 29. Rd7 Kg7 30. f3 Kf6 31. Kf2 h5 32. Rc7 Ke6 33. Ke3 Bf1
34. Rc1 Bxg2 35. Kf2 1-0

[Event "IHEM 2006"]
[Site "Hamburg"]
[Date "2006.06.10"]
[Round "9.8"]
[White "Stanke, Juergen"]
[Black "Meyer, Falko"]
[Result "1-0"]
[WhiteElo "2335"]
[BlackElo "2322"]
[PlyCount "95"]
[EventDate "2006.??.??"]

1. d4 Nf6 2. c4 e6 3. Nc3 Bb4 4. e3 O-O 5. Nge2 d6 6. a3 Bxc3+ 7. Nxc3 e5 8.
Be2 Nbd7 9. e4 c6 10. Be3 Re8 11. d5 cxd5 12. cxd5 a6 13. O-O b5 14. f3 Nh5 15.
g3 g6 16. Qd2 f5 17. exf5 gxf5 18. Bd3 Nf8 19. a4 b4 20. Ne2 Nf6 21. a5 Ng6 22.
Bc4 f4 23. gxf4 Bh3 24. Rf2 exf4 25. Nxf4 Nxf4 26. Bxf4 Ra7 27. Kh1 Rg7 28. Bh6
Rg6 29. Bd3 Re5 30. Bxg6 hxg6 31. Bg5 Qf8 32. Bxf6 Qxf6 33. Rg1 Qh4 34. Re2 Qh5
35. Qd3 Rxd5 36. Qxg6+ Qxg6 37. Rxg6+ Kf7 38. Rg1 Rxa5 39. Rd1 Rf5 40. Kg1 d5
41. Kf2 Rh5 42. Kg3 Bd7 43. h4 a5 44. Rd4 Be6 45. Re1 Rh8 46. Ra1 Ra8 47. Kf4
Ke7 48. Ke3 1-0

[Event "IHEM 2006"]
[Site "Hamburg"]
[Date "2006.06.10"]
[Round "9.9"]
[White "Bach, Matthias"]
[Black "Lindinger, Markus"]
[Result "0-1"]
[WhiteElo "2315"]
[BlackElo "2322"]
[PlyCount "64"]
[EventDate "2006.??.??"]

1. d4 d5 2. c4 c6 3. Nf3 Nf6 4. Nc3 dxc4 5. e4 b5 6. e5 Nd5 7. a4 e6 8. axb5
Nxc3 9. bxc3 cxb5 10. Ng5 Bb7 11. Qh5 g6 12. Qg4 Be7 13. Be2 Bd5 14. Ne4 h5 15.
Qf4 a5 16. Bf3 Nd7 17. Nd6+ Bxd6 18. Bxd5 exd5 19. exd6 O-O 20. O-O Re8 21. Ba3
Re4 22. Qd2 Qf6 23. f3 Ree8 24. Rfe1 b4 {(=)} 25. cxb4 Rxe1+ 26. Qxe1 Qxd4+ 27.
Kh1 axb4 28. Bb2 Rxa1 29. Bxa1 c3 30. Qe8+ Kg7 31. h3 Qd1+ 32. Kh2 Qxa1 0-1

[Event "IHEM 2006"]
[Site "Hamburg"]
[Date "2006.06.10"]
[Round "9.11"]
[White "Schulz, Hans-Juergen"]
[Black "Sternberg, Lew"]
[Result "1/2-1/2"]
[WhiteElo "2040"]
[BlackElo "2072"]
[PlyCount "48"]
[EventDate "2006.??.??"]

1. d4 d5 2. c4 e6 3. Nc3 Nc6 4. Nf3 f6 5. e3 Nge7 6. a3 g6 7. Bd3 Bg7 8. b4 Qd7
9. Qb3 Nd8 10. cxd5 exd5 11. O-O Nf7 12. e4 dxe4 13. Nxe4 O-O 14. Nc5 Qd6 15.
Bc4 Nc6 16. Bb2 Ncd8 17. Ne4 Qf4 18. Rfe1 Kh8 19. Bxf7 Nxf7 20. Nc5 Ng5 21.
Nxg5 fxg5 22. Nd3 Qd6 23. Ne5 Qf6 24. Re2 b6 {(=)} 1/2-1/2

[Event "IHEM 2006"]
[Site "Hamburg"]
[Date "2006.06.10"]
[Round "9.12"]
[White "Chevelevitch, Evgueni"]
[Black "Putzbach, Gerd"]
[Result "1-0"]
[WhiteElo "2423"]
[BlackElo "2257"]
[PlyCount "63"]
[EventDate "2006.??.??"]

1. e4 c5 2. Nf3 e6 3. Nc3 a6 4. d4 cxd4 5. Nxd4 d6 6. Be2 Nf6 7. O-O Nc6 8. Be3
Be7 9. f4 O-O 10. a4 Bd7 11. Nb3 b6 12. Kh1 Qc7 13. Qe1 Bc8 14. Qg3 Re8 15. Nd4
Bb7 16. Rfe1 Bf8 17. Nxc6 Bxc6 18. Bd3 Nd7 19. f5 Ne5 20. f6 g6 21. Qh4 h5 22.
Be2 Reb8 23. Bxh5 b5 24. Bd1 bxa4 25. Bg5 Rxb2 26. Re3 Bxe4 27. Nxe4 Qc4 28.
Be2 Nf3 29. gxf3 Qxc2 30. Bh6 Qc8 31. Bxf8 Rb4 32. Bg7 1-0

[Event "IHEM 2006"]
[Site "Hamburg"]
[Date "2006.06.10"]
[Round "9.13"]
[White "Weiss, Siegfried"]
[Black "Bodnar, Alexander"]
[Result "0-1"]
[WhiteElo "2126"]
[BlackElo "2398"]
[PlyCount "62"]
[EventDate "2006.??.??"]

1. b3 e5 2. Bb2 Nc6 3. c4 Nf6 4. Nc3 d5 5. cxd5 Nxd5 6. Nxd5 Qxd5 7. e3 Bf5 8.
a3 O-O-O 9. b4 Be7 10. Ne2 Rd7 11. Nc3 Qe6 12. e4 Bg6 13. Bb5 Rhd8 14. d3 f5
15. Qa4 Kb8 16. O-O Rd6 17. Bc4 Qd7 18. Nb5 Rf6 19. f4 a6 20. fxe5 Rff8 21. e6
Qc8 22. Rac1 fxe4 23. Rxf8 Bxf8 24. Nxc7 Qxc7 25. b5 Qb6+ 26. Kh1 axb5 27. Bxb5
exd3 28. Rf1 d2 29. Bxc6 bxc6 30. Be5+ Kb7 31. Bc3 Qb5 0-1

[Event "IHEM 2006"]
[Site "Hamburg"]
[Date "2006.06.10"]
[Round "9.14"]
[White "Albers, Andreas"]
[Black "Ewaldt, Michael"]
[Result "1/2-1/2"]
[WhiteElo "1995"]
[BlackElo "2104"]
[PlyCount "89"]
[EventDate "2006.??.??"]

1. d4 f5 2. c4 Nf6 3. Nc3 d6 4. Bg5 c6 5. Qc2 g6 6. Bxf6 exf6 7. e3 Na6 8. a3
Nc7 9. Bd3 Qe7 10. Nge2 Bd7 11. b4 Bh6 12. O-O O-O 13. Rab1 Ne6 14. d5 Nd8 15.
Nd4 Kh8 16. a4 Rc8 17. Qb2 c5 18. bxc5 Rxc5 19. Nb3 Rc8 20. Qa3 Nf7 21. Rfe1
Ne5 22. Bf1 b6 23. Qb4 Rc7 24. Nd4 Rfc8 25. Ndb5 Bxb5 26. Nxb5 Rc5 27. Rbc1 f4
28. exf4 Bxf4 29. Rcd1 Qd7 30. Rd4 Bh6 31. Be2 f5 32. f4 Nf7 33. g3 Re8 34.
Rdd1 Bg7 35. Bf3 Rcc8 36. Rxe8+ Rxe8 37. Re1 Rxe1+ 38. Qxe1 Nd8 39. Bd1 a6 40.
Na3 Bd4+ 41. Kg2 Kg7 {(=)} 42. Nc2 Bf6 43. Qb4 Qc7 44. Bf3 Nb7 45. Ne1 {(=)}
1/2-1/2